NIEKOĽKO ÚVAH O ZÁSADÁCH UKLADANIA ÚHRNNÉHO TRESTU

Bibliographic Details
Main Author: Polášek, Vladimír (Author)
Format: Article
Language:Slovak

MARC

LEADER 00000nab a2200000uu 4500
001 vtls010896490
003 SK-MaSNL
005 20260303142207.0
008 230222|1960 xo |||||||||||||||||slo|
015 |a SNBRB 
035 |a (urnnbn)urn:nbn:sk:snk:ar-006l2q 
035 |a (uuid)f75a6ef6-488d-402f-9db4-91d0f63f317f 
035 |a urn:nbn:sk:snk-ab8p4t 
040 |a SNKBUCL  |b slo  |c SNKBUCL  |e AACR2 
041 0 |a slo 
044 |a xo  |c SK 
100 1 |a Polášek, Vladimír  |4 aut  |9 439917 
245 1 0 |a NIEKOĽKO ÚVAH O ZÁSADÁCH UKLADANIA ÚHRNNÉHO TRESTU  |c Vladimír Polášek 
773 0 |t Právnické štúdie  |g Roč. 8, č. 2 (1960), s. 211-239 
954 |a odborná, vedecká literatúra pôvodná (slovenská)  |2 lita 
958 |a OND 
958 |a EUIPO 
958 |a article10 
999 |c 1981237  |d 1983167